000 00630nam a2200253Ia 4500
003 OSt
005 20221005040238.0
006 a|||||r|||| 00| 0
007 ta
008 221004b |||||||| |||| 00| 0 eng d
024 _a34043
037 _cTextual
040 _aCRL
_cCRL
_beng
041 _2eng
_aeng
082 _a/\:3, M5
100 _aUdupa K N
_9392727
245 0 _aStress and its management by Yoga
250 _a2nd
260 _aDelhi
_bMotilal Banarsidass
_c1985
300 _a395p.
_ccm.
650 _aSPIRITUALISM
942 _h/\:3, M5
_cTEXL
_2cc
999 _c946615
_d946615